000 00563nam a2200229Ia 4500
003 OSt
005 20221005122414.0
006 a|||||r|||| 00| 0
007 ta
008 221004b |||||||| |||| 00| 0 mal d
024 _a61649
037 _cTextual
040 _aCRL
_cCRL
_bmal
041 _2mal
_amal
082 _aAwM7, 32H8
100 _aSastri Velupillai
_9631926
245 0 _aJeevithadeepam
260 _c1948
650 _aNATURAL HISTORY
942 _hAwM7, 32H8
_cTEXL
_2cc
999 _c1044183
_d1044183